1990 1034 1920 1254 1214 1570 1007 1720 1102 1076 1941 1178 1482 1642 1261 1636 1154 1984 1052 1791 1308 1347 1035 1024 1962 1904 1274 1443 1107 1736 1175 1619 1041 1403 1840 1360 1554 1463 1775 1728 1589 1638 1715 1618 1164 1190 1725 1669 1411 1860 1265 1398 1928 1408 1349 1438 1769 1801 1156 1304 1773 1662 1303 1263 1402 1965 1343 1486 1223 1973 1030 1510 1487 1282 1730 1966 1081 2000 1958 1099 1385 1026 1426 1999 1407 1222 1383 1237 1044 1515 1105 1276 1107 1572 1539 1425 1735 1653 1965 BCNSPRNW ULIB Ver.6.0+V

เปลี่ยนเป็นภาษาไทย

Change to English
 แสดงรายละเอียดบรรณานุกรม
  กลับหน้าหลัก

Brief Record : Get Marc (ISO 2709) : E-mail record : QR code < ปิดหน้าต่าง
LEADER : 00000nam 2200000uu 4500
001    13399114320
003     ULIB
008    120321s2552||||th 000 0 tha d
020    ^a9786160600748
090    ^aนว.^bก710N 2552
100 0  ^aกุ๊กกาโร่ว
245 00 ^aNew Life ไขเงื่อนงำความทรงจำซ่อนรัก/^cกุ๊กกาโร่ว
250    ^aพิมพ์ครั้งที่ 1
260    ^aกรุงเทพฯ :^bแจ่มใส,^c2552
300    ^a185 หน้า
710 1  ^aแจ่มใส
945    ^p139^l0^i16303
995    ^aกัณชพร
999    ^aใช้งานได้ทุกระบบ
รายการนี้ยังไม่มีแท็ก
คุณยังไม่ได้ล็อกอิน คุณสามารถมีกิจกรรมร่วมกับเว็บไซต์ได้ แต่ต้องล็อกอินก่อน ::
  ล็อกอิน

รายการสื่อสารสนเทศ

ลำดับที่ ประเภท เลขเรียก/บาร์โค้ด สถานที่ สถานะ
1. นวนิยาย
นวนิยาย
นว. ก710N 2552  
  Barcode: 16303
ห้องสมุดวิทยาเขตสวรรค์ประชารักษ์
►นวนิยาย
บนชั้น
  ขอยืม

BibComment


ยังไม่เคยถูกคอมเมนท์

คอมเมนท์ทรัพยากรรายการนี้
  คอมเมนท์: New Life ไขเงื่อ..


 Copyright 2026. Bcnsprnw @Library